| 000 | 00384nam a2200145Ia 4500 | ||
|---|---|---|---|
| 008 | 230917s9999||||xx |||||||||||||| ||und|| | ||
| 040 |
_e74341 _aMAIN |
||
| 041 | _aEnglish | ||
| 082 | _a658.3 S14H | ||
| 100 | _aRao, P Subba, ed | ||
| 245 | 0 | _aHuman resource management in the new millennium | |
| 260 |
_aMumbai _bHimalaya Publishing House _c2000 |
||
| 300 | _a224 p. | ||
| 942 | _cBK | ||
| 999 |
_c106545 _d106545 |
||